| 000 | 01179cam a2200301 i 4500 | ||
|---|---|---|---|
| 999 |
_c511033 _d511033 |
||
| 001 | 18423056 | ||
| 005 | 20190912091458.0 | ||
| 008 | 141231t20132013ii f000 0 eng | ||
| 010 | _a 2014360209 | ||
| 020 | _a818664167X | ||
| 025 | _aI-E-2014-360209; 71-90 | ||
| 037 | _bLibrary of Congress -- New Delhi Overseas Office | ||
| 040 |
_aDLC _beng _cDLC _erda _dDLC |
||
| 042 |
_alcode _apcc |
||
| 043 | _aa-ii--- | ||
| 050 | 0 | 0 |
_aKNS2119 _b.S546 2013 |
| 082 | _aI549 Sh72 | ||
| 100 | 1 |
_aShobha, S. V., _eauthor. _99999 |
|
| 245 | 1 | 0 |
_aRight to information : _bfor inclusion & empowerment : RTI fellows' reports / _cShobha S V [and three others] ; edited by Sunil Dutt, Anuradha S. Chagti & Sarita Nair. |
| 300 |
_a248 pages ; _c24 cm |
||
| 610 | 1 | 0 |
_aIndia. _bCentral Information Commission. _910000 |
| 650 | 0 |
_aFreedom of information _zIndia. _910001 |
|
| 700 | 1 |
_aDutt, Sunil, _d1954- _eeditor. _910002 |
|
| 700 | 1 |
_aChagti, Anuradha S., _eeditor. _910003 |
|
| 710 | 1 |
_aIndia. _bDepartment of Personnel and Training. _910004 |
|
| 906 |
_a7 _bcbc _corigode _d3 _encip _f20 _gy-gencatlg |
||